[Event "EU-chT Seniors 01st"]
[Site "Dresden"]
[Date "1999.04.10"]
[Round "2.3"]
[White "Hesse, Manfred"]
[Black "Morgner, Siegfried"]
[Result "0-1"]
[WhiteElo "1805"]
[BlackElo "1695"]
[EventDate "1999.04.09"]
[PlyCount "72"]

1.c4 g6 2.Nc3 Bg7 3.g3 d6 4.d4 Nf6 5.Bg2 O-O 6.e4 e5 7.d5 Nbd7 8.Nge2 a6 
9.O-O Ne8 10.Be3 f5 11.Qd2 Nef6 12.h3 Rf7 13.Rad1 Qe7 14.b3 Nh5 15.Bg5 Bf6
16.Bxf6 Ndxf6 17.f3 Ng7 18.Kh2 Bd7 19.a4 b6 20.Rde1 Raf8 21.Nc1 Nfh5 22.
N1e2 f4 23.g4 Nf6 24.Qd3 g5 25.Rh1 h5 26.Ref1 hxg4 27.hxg4 Bxg4 28.fxg4 
Nxg4+ 29.Kg1 Ne3 30.Bf3 g4 31.Nd1 gxf3 32.Rxf3 Qg5+ 33.Ng3 Nxd1 34.Qxd1 
fxg3 35.Rxf7 Rxf7 36.Qe1 g2 0-1

[Event "EU-chT Seniors 01st"]
[Site "Dresden"]
[Date "1999.04.12"]
[Round "4.3"]
[White "Kahn, Manfred"]
[Black "Demmer, Wolfgang"]
[Result "1-0"]
[WhiteElo "2230"]
[BlackElo "1825"]
[EventDate "1999.04.09"]
[PlyCount "65"]

1.d4 Nf6 2.c4 e6 3.Nc3 Bb4 4.f3 c5 5.d5 d6 6.Bd2 e5 7.e3 O-O 8.Bd3 Bxc3 9.
Bxc3 Re8 10.Qc2 Nbd7 11.Ne2 Rb8 12.a4 a5 13.Ng3 b6 14.O-O-O Nf8 15.Rdf1 h6
16.h3 Qe7 17.Ne2 N8h7 18.Ng3 Nf8 19.Nf5 Bxf5 20.Bxf5 g6 21.Bd3 Nh5 22.Qf2 
Nd7 23.g4 Ng7 24.Re1 Nf8 25.Bc2 Nh7 26.f4 e4 27.f5 gxf5 28.gxf5 f6 29.Reg1
Kh8 30.Rg6 Qf8 31.Rxh6 Rb7 32.Qh4 Nxf5 33.Bxf6+ 1-0

[Event "EU-chT Seniors 01st"]
[Site "Dresden"]
[Date "1999.04.10"]
[Round "2.3"]
[White "Kahn, Manfred"]
[Black "Winiwarter, Felix"]
[Result "0-1"]
[WhiteElo "2230"]
[BlackElo "2225"]
[EventDate "1999.04.09"]
[PlyCount "122"]

1.d4 Nf6 2.Bg5 d5 3.Bxf6 gxf6 4.c4 c6 5.e3 Bg7 6.Qb3 O-O 7.Nc3 e6 8.Nf3 f5
9.Be2 Nd7 10.O-O a6 11.cxd5 cxd5 12.Rfc1 b6 13.a4 Bb7 14.Na2 Rc8 15.Rxc8 
Qxc8 16.Rc1 Qa8 17.Rc7 Rd8 18.a5 b5 19.Nb4 Bf8 20.Nd3 Bd6 21.Rc3 Rc8 22.
Nd2 Rc4 23.Qc2 Qd8 24.Nb3 Qc7 25.Nf4 Qd8 26.Bxc4 dxc4 27.Nc5 Nxc5 28.dxc5 
Bxc5 29.Qe2 e5 30.Nh5 Qg5 31.e4 f4 32.h4 Qg6 33.Qd1 Bf8 34.g4 Bxe4 35.f3 
Bd3 36.Rc1 f5 37.Kh2 fxg4 38.fxg4 e4 39.Nxf4 Bd6 40.Qd2 Qf6 41.Kg3 Qe5 42.
Re1 Bc5 43.Kh3 e3 44.Nxd3 exd2 45.Rxe5 d1=Q 46.Rg5+ Kf7 47.Rf5+ Ke7 48.
Nxc5 Qh1+ 49.Kg3 Qe1+ 50.Kf3 Qd1+ 51.Kg3 b4 52.Rh5 Qe1+ 53.Kf4 Qf2+ 54.Ke4
Qc2+ 55.Kd5 c3 56.bxc3 bxc3 57.Re5+ Kf7 58.Rf5+ Kg8 59.Rg5+ Kh8 60.Kc4 Qd2
61.Ne4 Qxg5 0-1

[Event "EU-chT Seniors 01st"]
[Site "Dresden"]
[Date "1999.04.09"]
[Round "1.4"]
[White "Kalmutzki, Manfred"]
[Black "Barnstedt, Dietrich"]
[Result "0-1"]
[WhiteElo "1855"]
[BlackElo "2025"]
[EventDate "1999.04.09"]
[PlyCount "100"]

1.d4 Nf6 2.c4 g6 3.Nc3 d5 4.e3 Bg7 5.Nf3 O-O 6.Be2 dxc4 7.O-O Nbd7 8.Bxc4 
a6 9.a4 c5 10.Be2 cxd4 11.Nxd4 Nc5 12.b4 Ne6 13.Nxe6 Bxe6 14.Bb2 Nd5 15.
Nxd5 Bxb2 16.Rb1 Be5 17.Nf4 Ba2 18.Rc1 Qxd1 19.Rfxd1 Bd6 20.Bc4 Bxc4 21.
Rxc4 Rfc8 22.Rdc1 Rxc4 23.Rxc4 b5 24.axb5 axb5 25.Rc1 Bxb4 26.Kf1 Bd6 27.
Rb1 b4 28.Nd3 Rb8 29.g3 f6 30.Ke2 Kf7 31.Kd2 e5 32.Nc1 Ke6 33.Rb3 e4 34.
Ne2 Kd5 35.Nd4 Be5 36.Ne2 Kc4 37.Rb1 Bc3+ 38.Kd1 Rd8+ 39.Nd4 Bxd4 40.exd4 
Rxd4+ 41.Kc2 Rd3 42.Re1 f5 43.g4 b3+ 44.Kb1 Rd2 45.gxf5 gxf5 46.Rc1+ Kd3 
47.Rc7 Rxf2 48.Rxh7 e3 49.h4 e2 50.Rd7+ Ke3 0-1

[Event "EU-chT Seniors 01st"]
[Site "Dresden"]
[Date "1999.04.13"]
[Round "5.4"]
[White "Kalmutzki, Manfred"]
[Black "Hesse, Manfred"]
[Result "1/2-1/2"]
[WhiteElo "1855"]
[BlackElo "1805"]
[EventDate "1999.04.09"]
[PlyCount "35"]

1.d4 Nf6 2.e3 g6 3.f4 Bg7 4.Bd3 d5 5.Nf3 O-O 6.O-O b6 7.Nbd2 Bb7 8.Ne5 c5 
9.c3 Nbd7 10.Qe2 e6 11.Bb5 Rc8 12.Ndf3 c4 13.Nxd7 Nxd7 14.Ne5 Nf6 15.Ba4 
a6 16.Bc2 Nd7 17.e4 Nf6 18.exd5 1/2-1/2

[Event "EU-chT Seniors 01st"]
[Site "Dresden"]
[Date "1999.04.10"]
[Round "2.2"]
[White "Klovans, Janis"]
[Black "Appelt, Gerd"]
[Result "1/2-1/2"]
[WhiteElo "2470"]
[BlackElo "2005"]
[EventDate "1999.04.09"]
[PlyCount "62"]

1.e4 e5 2.Nf3 Nc6 3.Bb5 a6 4.Ba4 Nf6 5.O-O Nxe4 6.d4 exd4 7.Re1 d5 8.Nxd4 
Bd6 9.Nxc6 Bxh2+ 10.Kf1 Qh4 11.Be3 O-O 12.Nd4 Bg4 13.Nf3 Qh5 14.Nbd2 Be5 
15.c3 Qh1+ 16.Ke2 Qxg2 17.Rg1 Ng3+ 18.Ke1 Qxg1+ 19.Nxg1 Bxd1 20.Rxd1 Nf5 
21.Bc5 Bd6 22.Bxd6 Nxd6 23.Ngf3 c6 24.Kf1 Rfe8 25.Bc2 Re7 26.a4 g6 27.a5 
f5 28.Bb3 Kg7 29.c4 dxc4 30.Nxc4 Nxc4 31.Bxc4 Rae8 1/2-1/2

[Event "EU-chT Seniors 01st"]
[Site "Dresden"]
[Date "1999.04.15"]
[Round "7.2"]
[White "Klovans, Janis"]
[Black "Mann, Dieter"]
[Result "1-0"]
[WhiteElo "2470"]
[BlackElo "1800"]
[EventDate "1999.04.09"]
[PlyCount "43"]

1.e4 c6 2.d4 d5 3.e5 Bf5 4.Nf3 e6 5.Be2 Nd7 6.O-O c5 7.c4 a6 8.cxd5 exd5 
9.Nc3 Ne7 10.Bg5 Be6 11.dxc5 Nxc5 12.Nd4 Qd7 13.Rc1 h6 14.Be3 Ng6 15.f4 
Nh4 16.g3 Bh3 17.gxh4 Bxf1 18.Qxf1 Rc8 19.f5 g6 20.b4 Ne4 21.Nxe4 dxe4 22.
e6 1-0

[Event "EU-chT Seniors 01st"]
[Site "Dresden"]
[Date "1999.04.13"]
[Round "5.2"]
[White "Klovans, Janis"]
[Black "Scheipl, Ralf"]
[Result "1-0"]
[WhiteElo "2470"]
[BlackElo "2250"]
[EventDate "1999.04.09"]
[PlyCount "83"]

1.e4 c5 2.Nf3 d6 3.d4 cxd4 4.Nxd4 Nf6 5.Nc3 Nc6 6.Bg5 e6 7.Qd2 a6 8.O-O-O 
Bd7 9.f4 Be7 10.Nf3 b5 11.Bxf6 gxf6 12.Kb1 Qb6 13.Bd3 O-O-O 14.a4 b4 15.
Ne2 Kb8 16.Rhf1 Bc8 17.f5 d5 18.fxe6 fxe6 19.exd5 Rxd5 20.Nf4 Rd6 21.Qe2 
e5 22.Nh5 Qa5 23.Be4 Rhd8 24.Rxd6 Rxd6 25.Rd1 Qd8 26.Rxd6 Qxd6 27.Ng3 Nd4 
28.Nxd4 Qxd4 29.Nf5 Qg1+ 30.Ka2 Bf8 31.Qd3 Qb6 32.b3 Be6 33.Ne3 h6 34.Nd5 
Bxd5 35.Qxd5 Bc5 36.Qg8+ Kc7 37.Qg7+ Kd8 38.Qxh6 Be7 39.Qh8+ Kd7 40.Bf5+ 
Kd6 41.Qc8 Bd8 42.h4 1-0

[Event "EU-chT Seniors 01st"]
[Site "Dresden"]
[Date "1999.04.14"]
[Round "6.3"]
[White "Koksch, Guenther"]
[Black "Kahn, Manfred"]
[Result "1/2-1/2"]
[WhiteElo "1950"]
[BlackElo "2230"]
[EventDate "1999.04.09"]
[PlyCount "32"]

1.b3 Nf6 2.Bb2 d6 3.g3 g6 4.e4 Bg7 5.Bg2 e5 6.Ne2 O-O 7.O-O Re8 8.c4 c5 9.
Nbc3 Nc6 10.Nd5 Nxd5 11.cxd5 Nd4 12.Nxd4 exd4 13.d3 f5 14.f3 Bd7 15.Re1 b5
16.Bc1 a5 1/2-1/2

[Event "EU-chT Seniors 01st"]
[Site "Dresden"]
[Date "1999.04.12"]
[Round "4.3"]
[White "Koksch, Guenther"]
[Black "Morgner, Siegfried"]
[Result "1/2-1/2"]
[WhiteElo "1950"]
[BlackElo "1695"]
[EventDate "1999.04.09"]
[PlyCount "91"]

1.d4 g6 2.e4 d6 3.Nc3 Bg7 4.Bg5 h6 5.Bh4 a6 6.f4 Nc6 7.Bf2 Nf6 8.Be2 d5 9.
exd5 Nxd5 10.Nxd5 Qxd5 11.Bf3 Qa5+ 12.c3 Nd8 13.Ne2 O-O 14.a4 c6 15.O-O 
Be6 16.Be4 Bf5 17.b4 Qc7 18.Bf3 Be6 19.Bg3 f5 20.Nc1 Bd5 21.a5 Bxf3 22.
Rxf3 Qd6 23.Nd3 Ne6 24.Kh1 Rad8 25.Rb1 Qd5 26.Re3 Rf7 27.Qe2 Rd6 28.Re1 
Rf6 29.Nc5 Nxc5 30.bxc5 Rd7 31.Rxe7 Rxe7 32.Qxe7 Rf7 33.Qe6 Qxe6 34.Rxe6 
Kh7 35.Kg1 Bf6 36.Rd6 Kg7 37.Kf1 Re7 38.Be1 Kf7 39.Bd2 Kg7 40.Kf2 Kf7 41.
Kf3 Rc7 42.c4 Be7 43.Bb4 Bxd6 44.cxd6 Rd7 45.Ke3 Ke6 46.Kd3 1/2-1/2

[Event "EU-chT Seniors 01st"]
[Site "Dresden"]
[Date "1999.04.12"]
[Round "4.4"]
[White "Kramer, Gerhard"]
[Black "Hanke, Leonhard"]
[Result "1-0"]
[WhiteElo "2135"]
[BlackElo "1850"]
[EventDate "1999.04.09"]
[PlyCount "79"]

1.d4 Nf6 2.c4 d6 3.Nc3 e5 4.Nf3 Nc6 5.d5 Ne7 6.e4 g6 7.h3 Bg7 8.Be3 O-O 9.
g4 Ne8 10.Rg1 h6 11.Nd2 g5 12.h4 Ng6 13.hxg5 hxg5 14.f3 Bf6 15.Rh1 Kg7 16.
Qe2 Rh8 17.Rxh8 Kxh8 18.O-O-O Kg7 19.Kb1 Be7 20.Qf2 b6 21.Be2 f6 22.Nf1 
Bd7 23.Ng3 Kf7 24.Rh1 Ng7 25.Bd1 Qe8 26.Qf1 a6 27.Qf2 b5 28.c5 dxc5 29.
Bxc5 Bd6 30.Rh7 Qg8 31.Rh1 Nf4 32.Bc2 a5 33.Bxd6 cxd6 34.Qb6 Qb8 35.Qf2 a4
36.Nce2 Ng6 37.Nf5 Bxf5 38.gxf5 Nh4 39.f4 exf4 40.Nxf4 1-0

[Event "EU-chT Seniors 01st"]
[Site "Dresden"]
[Date "1999.04.10"]
[Round "2.4"]
[White "Kramer, Gerhard"]
[Black "Lenk, Wolfgang"]
[Result "1/2-1/2"]
[WhiteElo "2135"]
[BlackElo "2200"]
[EventDate "1999.04.09"]
[PlyCount "36"]

1.d4 Nf6 2.c4 g6 3.Nc3 Bg7 4.e4 d6 5.f3 O-O 6.Be3 e5 7.Nge2 c6 8.Qd2 Re8 
9.O-O-O Qa5 10.Kb1 b5 11.cxb5 cxb5 12.dxe5 dxe5 13.Nd5 Qxd2 14.Rxd2 Nxd5 
15.Rxd5 a6 16.Nc1 Be6 17.Rc5 Nd7 18.Rc2 Rec8 1/2-1/2

[Event "EU-chT Seniors 01st"]
[Site "Dresden"]
[Date "1999.04.15"]
[Round "7.4"]
[White "Kramer, Gerhard"]
[Black "Zanger, Konrad"]
[Result "1-0"]
[WhiteElo "2135"]
[BlackElo "1795"]
[EventDate "1999.04.09"]
[PlyCount "87"]

1.d4 Nf6 2.c4 e6 3.Nc3 d5 4.Bg5 Be7 5.e3 c6 6.Nf3 Nbd7 7.cxd5 exd5 8.Bd3 
O-O 9.O-O Re8 10.Qc2 g6 11.Bf4 Nh5 12.Nxd5 cxd5 13.Bc7 Nb6 14.Bxd8 Bxd8 
15.Rfe1 Be6 16.Rac1 Ng7 17.Qb3 h6 18.Ne5 Kh7 19.a4 Rb8 20.Ra1 Bf6 21.f4 
Nc8 22.Nc6 Ra8 23.Qxb7 Nd6 24.Qb4 Ndf5 25.Qd2 Nd6 26.Rec1 Ngf5 27.Rab1 Bd7
28.Ne5 Be6 29.b4 g5 30.g4 gxf4 31.gxf5 Rg8+ 32.Kh1 Bc8 33.exf4 Nc4 34.Qf2 
Rg7 35.Rg1 Nd6 36.Rbc1 Kh8 37.Rxg7 Kxg7 38.Qg2+ Kh7 39.Qh3 Ne4 40.Bxe4 
dxe4 41.Rc7 Bxe5 42.fxe5 Ba6 43.Rxf7+ Kg8 44.e6 1-0

[Event "EU-chT Seniors 01st"]
[Site "Dresden"]
[Date "1999.04.15"]
[Round "7.3"]
[White "Lenk, Wolfgang"]
[Black "Funk, Paul"]
[Result "1-0"]
[WhiteElo "2200"]
[BlackElo "2115"]
[EventDate "1999.04.09"]
[PlyCount "99"]

1.e4 e5 2.Nf3 Nc6 3.Bb5 a6 4.Bxc6 dxc6 5.O-O Bg4 6.h3 h5 7.d3 Bd6 8.Be3 
Qf6 9.Nbd2 Ne7 10.Re1 Bxf3 11.Nxf3 c5 12.Qd2 Qg6 13.Qc3 Qf6 14.Bxc5 g5 15.
d4 Bxc5 16.Qxc5 exd4 17.Qxd4 Qxd4 18.Nxd4 O-O-O 19.Nb3 Ng6 20.Rad1 Rde8 
21.Rd5 f6 22.Nd4 g4 23.hxg4 hxg4 24.Nf5 Nf4 25.Rd4 Rh7 26.Ng3 Ne6 27.Rd5 
c6 28.Rf5 Rh6 29.Rd1 Kc7 30.c3 Reh8 31.Kf1 Ng7 32.Rf4 Rg6 33.e5 fxe5 34.
Rf7+ Kc8 35.Rdd7 Ne8 36.Rxb7 Rf6 37.Rxf6 Nxf6 38.Ra7 Kb8 39.Rxa6 Kb7 40.
Ra4 Rd8 41.Ke1 Nd5 42.Rxg4 Nf4 43.Ne4 Nd3+ 44.Ke2 Nc1+ 45.Ke1 Nd3+ 46.Kf1 
Nf4 47.Rxf4 exf4 48.Ke2 Kc7 49.Kf3 Rf8 50.a4 1-0

[Event "EU-chT Seniors 01st"]
[Site "Dresden"]
[Date "1999.04.14"]
[Round "6.4"]
[White "Lenk, Wolfgang"]
[Black "Kalmutzki, Manfred"]
[Result "1-0"]
[WhiteElo "2200"]
[BlackElo "1855"]
[EventDate "1999.04.09"]
[PlyCount "65"]

1.e4 c5 2.Nf3 e6 3.d4 cxd4 4.Nxd4 a6 5.c4 d6 6.Nc3 Nf6 7.Be2 Be7 8.O-O O-O
9.b3 Qc7 10.Bb2 b6 11.f4 Bb7 12.Bf3 Nc6 13.Nc2 Rac8 14.Kh1 Rfd8 15.Qe2 Na7
16.Ne3 Nc6 17.Rfd1 Rd7 18.Rac1 Rcd8 19.Ncd5 Qb8 20.Nxb6 Rc7 21.Na4 Nb4 22.
a3 Nc6 23.b4 Na7 24.e5 Bxf3 25.Qxf3 Ne8 26.exd6 Nxd6 27.c5 Qb7 28.cxd6 
Qxf3 29.gxf3 Rxc1 30.Bxc1 Rxd6 31.Rxd6 Bxd6 32.Nc4 Bc7 33.Nc5 1-0

[Event "EU-chT Seniors 01st"]
[Site "Dresden"]
[Date "1999.04.11"]
[Round "3.4"]
[White "Lenk, Wolfgang"]
[Black "Zanger, Konrad"]
[Result "1/2-1/2"]
[WhiteElo "2200"]
[BlackElo "1795"]
[EventDate "1999.04.09"]
[PlyCount "99"]

1.e4 e5 2.Nf3 d6 3.Bc4 Be7 4.O-O Nf6 5.d3 O-O 6.h3 Nbd7 7.Nc3 a6 8.Ne2 b5 
9.Bb3 Nc5 10.Ng3 Nxb3 11.axb3 c5 12.Bd2 h6 13.b4 cxb4 14.Bxb4 Nh7 15.Ba5 
Qe8 16.Qe2 Qc6 17.Ra3 Bd8 18.Bxd8 Rxd8 19.d4 Re8 20.d5 Qb6 21.Qd2 Ra7 22.
Nh4 Nf6 23.Qe3 Qxe3 24.Rxe3 Rc7 25.c3 g6 26.Ra1 Kg7 27.Nf3 Bb7 28.Nd2 Rec8
29.Ne2 Nd7 30.Nb3 Nc5 31.Nxc5 Rxc5 32.Nc1 R5c7 33.Nd3 Ra8 34.Ra5 f5 35.f3 
fxe4 36.fxe4 Kf6 37.Rf3+ Ke7 38.Kf2 Rcc8 39.Ke3 Rf8 40.Rxf8 Kxf8 41.Ra1 
Ke7 42.Rf1 Rf8 43.Rxf8 Kxf8 44.b4 Ke7 45.Nc1 Bc8 46.Kf3 g5 47.Nb3 Kd8 48.
Na5 Ke7 49.Nc6+ Kf6 50.Kg3 1/2-1/2

[Event "EU-chT Seniors 01st"]
[Site "Dresden"]
[Date "1999.04.14"]
[Round "6.2"]
[White "Mann, Dieter"]
[Black "Funk, Paul"]
[Result "0-1"]
[WhiteElo "1800"]
[BlackElo "2115"]
[EventDate "1999.04.09"]
[PlyCount "56"]

1.e4 c5 2.c3 d5 3.exd5 Qxd5 4.Nf3 Nc6 5.Be2 Nf6 6.O-O e6 7.Na3 Be7 8.d4 
O-O 9.Nb5 Qd8 10.Bf4 Nd5 11.Bg3 a6 12.Na3 b5 13.c4 bxc4 14.Nxc4 Bb7 15.
Nce5 Nxd4 16.Nxd4 cxd4 17.Qxd4 f5 18.f4 Rc8 19.Rac1 Qa5 20.Kh1 Rfd8 21.
Rxc8 Rxc8 22.Bc4 Bc5 23.Qd3 Rd8 24.Rd1 Bb6 25.Bh4 Rc8 26.Be1 Qc5 27.Bc3 
Nxf4 28.Qd7 Bxg2# 0-1

[Event "EU-chT Seniors 01st"]
[Site "Dresden"]
[Date "1999.04.12"]
[Round "4.2"]
[White "Mann, Dieter"]
[Black "Starck, Bodo"]
[Result "1/2-1/2"]
[WhiteElo "1800"]
[BlackElo "2260"]
[EventDate "1999.04.09"]
[PlyCount "89"]

1.e4 c6 2.d4 d5 3.Nc3 g6 4.exd5 cxd5 5.Nf3 Bg7 6.Be3 Nh6 7.Bb5+ Bd7 8.
Bxd7+ Qxd7 9.Ne2 Nc6 10.c3 Nf5 11.Bf4 O-O 12.O-O e6 13.Ng3 Nd6 14.Qc1 Rfe8
15.Re1 b5 16.Ne5 Nxe5 17.Bxe5 f6 18.Bxd6 Qxd6 19.Qd2 Rab8 20.a3 a5 21.Re2 
Re7 22.Rae1 Kf7 23.h4 h5 24.Qe3 f5 25.Nf1 b4 26.axb4 axb4 27.Qf3 bxc3 28.
bxc3 Rb3 29.Nd2 Ra3 30.Nb1 Ra6 31.Nd2 Qa3 32.Nb1 Qa5 33.Qf4 Qc7 34.Qf3 Rc6
35.g3 Bh6 36.Re5 Qc8 37.Qe2 Rb7 38.c4 Rxc4 39.Rxe6 Rxd4 40.Re7+ Rxe7 41.
Qxe7+ Kg8 42.Qf6 Re4 43.Qxg6+ Bg7 44.Rxe4 fxe4 45.Nd2 1/2-1/2

[Event "EU-chT Seniors 01st"]
[Site "Dresden"]
[Date "1999.04.10"]
[Round "2.1"]
[White "Mann, Dieter"]
[Black "Stavenhagen, Johannes"]
[Result "1-0"]
[WhiteElo "1800"]
[BlackElo "1870"]
[EventDate "1999.04.09"]
[PlyCount "107"]

1.e4 c5 2.c3 d5 3.exd5 Qxd5 4.Nf3 Bf5 5.d4 Bxb1 6.Rxb1 Nc6 7.Be3 cxd4 8.
Nxd4 e5 9.Nxc6 Qxc6 10.Qb3 a6 11.Bc4 O-O-O 12.O-O Bc5 13.Bxc5 Qxc5 14.Bxf7
Nf6 15.Rbd1 Rhf8 16.Rxd8+ Rxd8 17.Rd1 Rxd1+ 18.Qxd1 Kc7 19.Bb3 Kc8 20.Qd3 
Kc7 21.Qg3 Qe7 22.Bc2 Kc6 23.h3 Kb6 24.Qh4 h6 25.Qg3 Kc6 26.Qe3 Qd6 27.
Be4+ Kc7 28.Qf3 Nxe4 29.Qxe4 Qd1+ 30.Kh2 Qd6 31.Qc4+ Kb6 32.Qe2 Kc7 33.Qe4
g5 34.Kg3 Qf6 35.h4 b5 36.hxg5 hxg5 37.f3 Kd6 38.Qd3+ Ke6 39.Qe3 Kd5 40.
Qe4+ Kd6 41.b3 Kc5 42.Kf2 Kd6 43.Qb7 Kc5 44.Ke2 Qd6 45.b4+ Kc4 46.Qc8+ Kd5
47.Qg8+ Kc6 48.Qxg5 Qd5 49.Qg6+ Kb7 50.Qe4 Qxe4+ 51.fxe4 Kc6 52.Kd3 Kd6 
53.c4 Kc6 54.c5 1-0

[Event "EU-chT Seniors 01st"]
[Site "Dresden"]
[Date "1999.04.13"]
[Round "5.3"]
[White "Morgner, Siegfried"]
[Black "Barnstedt, Dietrich"]
[Result "1-0"]
[WhiteElo "1695"]
[BlackElo "2025"]
[EventDate "1999.04.09"]
[PlyCount "100"]

1.Nf3 Nf6 2.d4 g6 3.c4 Bg7 4.Nc3 d5 5.e3 O-O 6.Be2 dxc4 7.Bxc4 a6 8.a4 
Nbd7 9.O-O c5 10.a5 cxd4 11.exd4 Qc7 12.Qe2 e6 13.Bg5 b5 14.axb6 Qxb6 15.
Ra3 Bb7 16.Ne5 Rfc8 17.Nxd7 Nxd7 18.d5 Bxc3 19.dxe6 Qc6 20.exf7+ Kh8 21.
Qg4 Bf6 22.Be6 Bxg5 23.Bxd7 Qxg2+ 24.Qxg2 Bxg2 25.Bxc8 Rxc8 26.Kxg2 Kg7 
27.Rf3 Bf6 28.Ra1 Rf8 29.Rxa6 Bxb2 30.Ra7 Bf6 31.Re3 Rxf7 32.Rxf7+ Kxf7 
33.f4 Be7 34.Kf3 h6 35.h3 Bf6 36.Ke4 Ba1 37.Kd5 Kf6 38.Ke4 Bb2 39.Rb3 Ba1 
40.Rb6+ Kf7 41.Kd5 Bc3 42.Ke4 Ba1 43.h4 Bc3 44.h5 g5 45.f5 Bg7 46.Kd5 Ke7 
47.Rg6 Kf7 48.Kd6 Bf8+ 49.Kd7 Bg7 50.Rxg7+ Kxg7 1-0

[Event "EU-chT Seniors 01st"]
[Site "Dresden"]
[Date "1999.04.11"]
[Round "3.3"]
[White "Morgner, Siegfried"]
[Black "Kahn, Manfred"]
[Result "0-1"]
[WhiteElo "1695"]
[BlackElo "2230"]
[EventDate "1999.04.09"]
[PlyCount "62"]

1.Nf3 d5 2.d4 Nc6 3.g3 Bg4 4.Nbd2 Qd7 5.h3 Bh5 6.Bg2 f6 7.c3 e5 8.g4 Bg6 
9.Qa4 h5 10.dxe5 fxe5 11.Nh4 Bf7 12.g5 O-O-O 13.c4 Nge7 14.cxd5 Nxd5 15.
Bxd5 Bxd5 16.e4 Bf7 17.Kf1 Qd3+ 18.Kg2 Rd4 19.Qd1 Bb4 20.Nhf3 Rd7 21.Qf1 
Qc2 22.Qd1 Qc5 23.Qe2 h4 24.a3 Bxd2 25.Nxd2 Nd4 26.Qe3 Bh5 27.Qc3 Qe7 28.
Kh2 Rf8 29.f3 Qxg5 30.Nf1 Qf6 31.f4 exf4 0-1

[Event "EU-chT Seniors 01st"]
[Site "Dresden"]
[Date "1999.04.15"]
[Round "7.3"]
[White "Morgner, Siegfried"]
[Black "Winiwarter, Felix"]
[Result "0-1"]
[WhiteElo "1695"]
[BlackElo "2225"]
[EventDate "1999.04.09"]
[PlyCount "80"]

1.Nf3 Nf6 2.d4 g6 3.c4 Bg7 4.Nc3 O-O 5.e3 d6 6.Be2 c6 7.h3 Nbd7 8.Qc2 e5 
9.O-O Re8 10.dxe5 dxe5 11.e4 Nc5 12.Rd1 Qc7 13.Be3 Ne6 14.c5 Nh5 15.g3 Nd4
16.Nxd4 exd4 17.Bxd4 Bxd4 18.Rxd4 Nxg3 19.Bg4 Qe5 20.Rad1 Nh5 21.Bxc8 
Raxc8 22.Ne2 Qg5+ 23.Kh2 Qe5+ 24.Kg1 Nf4 25.Nxf4 Qxf4 26.b4 Re5 27.Rd8+ 
Rxd8 28.Rxd8+ Kg7 29.Qc3 Qxe4 30.Re8 f6 31.Rxe5 Qxe5 32.Qxe5 fxe5 33.Kg2 
Kf6 34.Kf3 Kf5 35.h4 h6 36.a4 g5 37.h5 e4+ 38.Ke3 Ke5 39.b5 Kd5 40.b6 a5 
0-1

[Event "EU-chT Seniors 01st"]
[Site "Dresden"]
[Date "1999.04.12"]
[Round "4.2"]
[White "Mueller, Siegmar"]
[Black "Appelt, Gerd"]
[Result "1/2-1/2"]
[WhiteElo "1810"]
[BlackElo "2005"]
[EventDate "1999.04.09"]
[PlyCount "74"]

1.Nc3 f5 2.d4 Nf6 3.Bg5 e6 4.e4 fxe4 5.Nxe4 Be7 6.Bxf6 Bxf6 7.Qh5+ g6 8.
Nxf6+ Qxf6 9.Qe5 Qxe5+ 10.dxe5 Nc6 11.Nf3 b6 12.O-O-O Bb7 13.Bb5 Rd8 14.
Rd2 a6 15.Be2 Rf8 16.Rhd1 Rf5 17.Bc4 Ke7 18.Bd3 Rf4 19.c3 b5 20.Be2 Nb8 
21.Rd4 Rf5 22.Rh4 Rh8 23.Bd3 Bxf3 24.gxf3 Rxf3 25.Bxg6 Rxf2 26.Be4 d5 27.
exd6+ cxd6 28.Rg1 Rf7 29.Rh6 Nd7 30.Re1 Nf6 31.Bc2 Rg7 32.a4 bxa4 33.Bxa4 
Rg6 34.Rh3 h5 35.Bd1 Ng4 36.Rg1 Rhg8 37.Rxh5 Nf6 1/2-1/2

[Event "EU-chT Seniors 01st"]
[Site "Dresden"]
[Date "1999.04.10"]
[Round "2.2"]
[White "Mueller, Siegmar"]
[Black "Demmer, Wolfgang"]
[Result "1/2-1/2"]
[WhiteElo "1810"]
[BlackElo "1825"]
[EventDate "1999.04.09"]
[PlyCount "37"]

1.Nc3 Nf6 2.Nf3 e6 3.e4 d5 4.e5 Nfd7 5.d4 a6 6.Bg5 Be7 7.Qd2 c5 8.Bxe7 
Qxe7 9.dxc5 Nc6 10.O-O-O Nxc5 11.Qe3 b5 12.Nd4 Nxd4 13.Rxd4 Nd7 14.Rg4 f5 
15.Rg3 O-O 16.f4 Bb7 17.Be2 Rac8 18.h4 Rc7 19.h5 1/2-1/2

[Event "EU-chT Seniors 01st"]
[Site "Dresden"]
[Date "1999.04.14"]
[Round "6.2"]
[White "Mueller, Siegmar"]
[Black "Klovans, Janis"]
[Result "0-1"]
[WhiteElo "1810"]
[BlackElo "2470"]
[EventDate "1999.04.09"]
[PlyCount "52"]

1.Nc3 d5 2.e4 dxe4 3.Nxe4 Nc6 4.Bb5 Qd5 5.Bxc6+ Qxc6 6.f3 e5 7.Ne2 f5 8.
Nf2 Be6 9.O-O Nf6 10.d3 O-O-O 11.Bg5 h6 12.Bd2 Nd5 13.Nc3 Nf4 14.Bxf4 exf4
15.a3 Bc5 16.Qb1 Rhe8 17.Nd1 g5 18.c3 Be3 19.Qc2 Qb5 20.d4 Bb3 21.Qb1 Bc4 
22.a4 Qd5 23.Re1 Bxd4 24.Rxe8 Rxe8 25.h3 Re1+ 26.Kh2 Bxf2 0-1

[Event "EU-chT Seniors 01st"]
[Site "Dresden"]
[Date "1999.04.15"]
[Round "7.1"]
[White "Neubert, Gerhard"]
[Black "Bagirov, Vladimir"]
[Result "0-1"]
[WhiteElo "1960"]
[BlackElo "2490"]
[EventDate "1999.04.09"]
[PlyCount "58"]

1.f4 d5 2.Nf3 g6 3.e3 Bg7 4.c4 Nf6 5.Nc3 c5 6.d4 cxd4 7.Nxd4 O-O 8.Qb3 
dxc4 9.Bxc4 Nbd7 10.O-O e5 11.Nf3 exf4 12.exf4 Nb6 13.Be2 Be6 14.Qd1 Nbd5 
15.Nd4 Nxc3 16.bxc3 Bd5 17.Ba3 Re8 18.Bb5 Ne4 19.Bb4 a5 20.Bxe8 axb4 21.
Ne2 Qb6+ 22.Kh1 Rxe8 23.Qxd5 Nf2+ 24.Rxf2 Qxf2 25.Ng1 bxc3 26.Nf3 c2 27.
Rc1 Bb2 28.Ne5 Qxf4 29.Nd3 Qxc1+ 0-1

[Event "EU-chT Seniors 01st"]
[Site "Dresden"]
[Date "1999.04.13"]
[Round "5.1"]
[White "Neubert, Gerhard"]
[Black "Eskandary, Jahja"]
[Result "0-1"]
[WhiteElo "1960"]
[BlackElo "2130"]
[EventDate "1999.04.09"]
[PlyCount "90"]

1.d4 d6 2.e4 Nd7 3.Nf3 e5 4.Bc4 h6 5.O-O Ne7 6.dxe5 dxe5 7.Nh4 Nc6 8.Nf5 
Nc5 9.Qxd8+ Nxd8 10.Nc3 Be6 11.Bxe6 Ndxe6 12.Be3 g6 13.Ng3 c6 14.b4 Nd7 
15.Rab1 Nb6 16.Nge2 Nc4 17.Bc1 O-O-O 18.Rd1 Bg7 19.Kf1 Rxd1+ 20.Nxd1 Rd8 
21.Ne3 h5 22.Ke1 Nd6 23.f3 Nd4 24.c3 Ne6 25.Bd2 Nf4 26.Nc1 Bh6 27.Rb2 Ne6 
28.Nf1 Nc4 29.Rc2 Bxd2+ 30.Nxd2 Ne3 31.Rb2 Nxg2+ 32.Ke2 Ngf4+ 33.Ke3 b5 
34.a4 a6 35.axb5 axb5 36.Ra2 Kb7 37.c4 Nd4 38.cxb5 cxb5 39.Rb2 Rc8 40.Ndb3
Rc3+ 41.Kd2 Rxf3 42.Nc5+ Kc6 43.N1d3 Nxd3 44.Nxd3 f6 45.Ra2 Nb3+ 0-1

[Event "EU-chT Seniors 01st"]
[Site "Dresden"]
[Date "1999.04.15"]
[Round "7.2"]
[White "Nonnenmacher, Eberhard"]
[Black "Kahn, Manfred"]
[Result "1-0"]
[WhiteElo "2275"]
[BlackElo "2230"]
[EventDate "1999.04.09"]
[PlyCount "45"]

1.e4 e6 2.d4 d5 3.Nc3 Bb4 4.Bd3 dxe4 5.Bxe4 Nf6 6.Bf3 c5 7.a3 Bxc3+ 8.bxc3
Nbd7 9.Ne2 O-O 10.O-O e5 11.Ng3 Qa5 12.Bb2 c4 13.Re1 Rb8 14.a4 Rd8 15.Ba3 
Qc7 16.Qc1 exd4 17.cxd4 Nf8 18.Be7 Rxd4 19.Bxf6 gxf6 20.Nh5 Rh4 21.Nxf6+ 
Kh8 22.g3 Rh3 23.Qg5 1-0

[Event "EU-chT Seniors 01st"]
[Site "Dresden"]
[Date "1999.04.11"]
[Round "3.2"]
[White "Nonnenmacher, Eberhard"]
[Black "Klovans, Janis"]
[Result "1/2-1/2"]
[WhiteElo "2275"]
[BlackElo "2470"]
[EventDate "1999.04.09"]
[PlyCount "116"]

1.e4 e5 2.Nf3 Nc6 3.Bb5 a6 4.Ba4 d6 5.O-O Bg4 6.h3 Bh5 7.c3 Nf6 8.d4 Nd7 
9.g4 Bg6 10.Nbd2 b5 11.Bb3 Na5 12.Bc2 c5 13.a4 Be7 14.axb5 axb5 15.Qe2 Rb8
16.Rd1 exd4 17.cxd4 Nc6 18.Nf1 O-O 19.Bf4 Re8 20.Ne3 cxd4 21.Nxd4 Nxd4 22.
Rxd4 Nc5 23.Bg3 Qc8 24.f3 Ne6 25.Rd5 Bg5 26.Ng2 Be7 27.Rad1 Rd8 28.f4 Nc7 
29.R5d2 f6 30.f5 Bf7 31.Bxd6 Bxd6 32.Rxd6 Rxd6 33.Rxd6 Ne8 34.Rd2 Nd6 35.
b3 h6 36.Qe3 Qc6 37.e5 fxe5 38.Qxe5 Qb6+ 39.Kh2 Ne8 40.Nf4 Nf6 41.Qd6 Qb7 
42.Ne6 Re8 43.b4 Qf3 44.Qd3 Qc6 45.Bb3 Qc1 46.Rc2 Qb1 47.Qc3 Qf1 48.Qd4 
Qf3 49.Qc3 Qe4 50.Rd2 Qe1 51.Qd4 Rc8 52.Bd5 Kh8 53.Bg2 Rc4 54.Qd6 Kh7 55.
Nf8+ Kg8 56.Ne6 Kh7 57.Nf8+ Kg8 58.Ng6 Kh7 1/2-1/2

[Event "EU-chT Seniors 01st"]
[Site "Dresden"]
[Date "1999.04.14"]
[Round "6.1"]
[White "Nonnenmacher, Eberhard"]
[Black "Neubert, Gerhard"]
[Result "1-0"]
[WhiteElo "2275"]
[BlackElo "1960"]
[EventDate "1999.04.09"]
[PlyCount "63"]

1.e4 c5 2.Nf3 e6 3.d4 cxd4 4.Nxd4 Nf6 5.Nc3 Bb4 6.Bd3 d6 7.O-O e5 8.Nde2 
O-O 9.Bg5 Be6 10.a3 Bc5 11.Qd2 a6 12.Rad1 h6 13.Be3 Qc7 14.Kh1 Ng4 15.Bxc5
dxc5 16.Ng3 Nf6 17.f4 exf4 18.Rxf4 Nbd7 19.Rdf1 Qe5 20.Nf5 Bxf5 21.Rxf5 
Qb8 22.Bc4 Ne5 23.Be2 Neg4 24.g3 Rd8 25.Qc1 Qd6 26.R1f4 h5 27.h3 Ne5 28.
Qe3 b5 29.Rxf6 gxf6 30.Nd5 Qe6 31.Nxf6+ Kh8 32.Rf5 1-0